Programa SIOPAO : análisis de las acciones SIOPAO subvencionadas por el Fondo Social Europeo, Objetivo 3, que han beneficiado al colectivo de mujeres en el período 1994 - 1997 análisis de las acciones SIOPAO subvencionadas por el Fondo Social Europeo, Objetivo 3, que han beneficiado al colectivo de mujeres en el período 1994 - 1997
Descripción Física:
83 p., taules ; 24 cm
Colección:
Quadernos del Fondo Social Europeo ; 6
MARC
| LEADER | 00000nam a2200000Ia 4500 | ||
|---|---|---|---|
| 001 | 22278 | ||
| 008 | 160829s2000 xx 000 0 cat d | ||
| 080 | |a S-1-308 | ||
| 245 | |a Programa SIOPAO : |b análisis de las acciones SIOPAO subvencionadas por el Fondo Social Europeo, Objetivo 3, que han beneficiado al colectivo de mujeres en el período 1994 - 1997 | ||
| 250 | |a Ed. no venal | ||
| 260 | |a Barcelona : |b Diputació de Barcelona, |c 2000 | ||
| 300 | |a 83 p., taules ; |c 24 cm | ||
| 490 | |a Quadernos del Fondo Social Europeo ; 6 | ||
| 590 | |a Hi ha un exemplar en català amb R. 12427 | ||
| 650 | |a Servei d'Informació-Orientació Professional i Acompanyament a l'Ocupació (Programa) |9 39607 | ||
| 650 | 0 | |a Dones |x Treball |x Barcelona (Província) |9 37608 | |
| 650 | 0 | |a Integració social |9 35992 | |
| 650 | 0 | |a Dret a l'educació |9 35991 | |
| 710 | 1 | |a Barcelona (Catalunya : Província). |b Diputació |9 52408 | |
| 710 | 2 | |a Fons Social Europeu |9 7014 | |
| 901 | |a Arxiu | ||
| 942 | |n 1 | ||
| 952 | |0 0 |1 0 |4 0 |6 S1308 |7 1 |9 50165 |a Arxiu |b Arxiu |d 2016-12-01 |l 0 |o S-1-308 |p 22278 |r 2016-12-01 00:00:00 |w 2016-12-01 |y ARXIU | ||
| 999 | |c 54007 |d 54007 | ||